| 000 | 01697nam a2200505 i 4500 | ||
|---|---|---|---|
| 001 | 1295 | ||
| 003 | KOSZ 005 | ||
| 005 | 20200724142131.0 | ||
| 008 | 981230s1985 pl a f f |001 0 pol | ||
| 015 | _aPB 1985/7603 | ||
| 020 | _a8309003399 | ||
| 020 | _a8309009267 | ||
| 035 | _a(OCoLC)749755349 | ||
| 040 |
_aWA N _cWA N _dKOSZ 005/EC _dKOSZ 005/HR |
||
| 041 | 0 | _apol | |
| 046 | _k1957 | ||
| 080 | _a637.1 | ||
| 080 | _a(075.8) | ||
| 100 | 1 |
_aPijanowski, Eugeniusz _d(1906-1974) _eAutor |
|
| 245 | 1 | 0 |
_aZarys chemii i technologii mleczarstwa. _nT. 2, _pMasło / _cEugeniusz Pijanowski, Stanisław Zmarlicki. |
| 250 | _aWyd. 3 zm. | ||
| 260 |
_aWarszawa : _bPańst. Wydaw. Rolnicze i Leśne, _c1985. |
||
| 300 |
_a258, [2] s. : _bfot, rys, wykr. ; _c25 cm. |
||
| 336 |
_2rdacontent _aTekst _btxt |
||
| 337 |
_2rdamedia _aBez urządzenia pośredniczącego _bn |
||
| 338 |
_2rdacarrier _aWolumin _bnc |
||
| 380 | _aKsiążki | ||
| 380 | _aPublikacje dydaktyczne | ||
| 385 |
_mPoziom nauczania _aSzkoły wyzsze |
||
| 388 | _a1901-2000 | ||
| 388 | _a1945-1989 | ||
| 500 | _aAut. t. 1: E. Pijanowski. | ||
| 500 | _aNa s. red. błędny ISBN. | ||
| 504 | _aBibliogr s. 245-247. - Indeks. | ||
| 580 | _aT. 1 poz. 6687/80. | ||
| 650 | 4 | _aMasło | |
| 650 | 4 | _aMleczarstwo | |
| 650 | 4 | _aTechnologia żywności | |
| 655 | 4 | _aPodręczniki akademickie | |
| 658 | _aRolnictwo i leśnictwo | ||
| 700 | 1 |
_aZmarlicki, Stanisław. _eAutor |
|
| 710 |
_aPaństwowe Wydawnictwo Rolnicze i Leśne _4pbl. |
||
| 856 |
_uhttp://koha.tu.koszalin.pl/cgi-bin/koha/opac-detail.pl?biblionumber=1295 _yKatalog online BPK |
||
| 942 |
_2UKD _cKS |
||
| 999 |
_c1295 _d1295 |
||